[Event "Prague Golden op 18th"]
[Site "Prague"]
[Date "2023.06.25"]
[Round "1.1"]
[White "Klement, Jonas"]
[Black "Stanek, Ondrej1111"]
[Result "0-1"]
[WhiteElo "1308"]
[BlackElo "2065"]
[PlyCount "77"]
[EventDate "2023.06.25"]
[EventType "team-swiss"]
[EventRounds "9"]
[EventCountry "CZE"]
[SourceTitle "CBM 214 Extra"]
[Source "ChessBase"]
[SourceDate "2023.07.31"]
[SourceVersion "1"]
[SourceVersionDate "2023.07.31"]
[SourceQuality "1"]
[WhiteTeam "Jonasove"]
[BlackTeam "Bohemians"]
[WhiteTeamCountry "CZE"]
[BlackTeamCountry "CZE"]

1. e4 c6 2. d4 d5 3. exd5 cxd5 4. Nf3 Nc6 5. Bb5 Bg4 6. h3 Bxf3 7. Qxf3 e6 8. Nc3 Nf6 9. 0-0 Be7 10. Bg5 0-0 11. Rad1 Qb6 12. Qg3 Nxd4 13. Bd3 Nf5 14. Bxf5 exf5 15. Bxf6 Bxf6 16. Nxd5 Qxb2 17. c3 Bd8 18. Rb1 Qxa2 19. Qf3 Qc2 20. Rxb7 a5 21. Ne7+ Bxe7 22. Rxe7 a4 23. Re2 Qb3 24. Ree1 g6 25. Rb1 Qc2 26. Rfc1 Qe4 27. Qxe4 fxe4 28. Ra1 Rfc8 29. Kf1 Rc4 30. Ke2 Rb8 31. Ke3 Rb2 32. Ra3 f5 33. g3 Kf7 34. Raa1 Ke6 35. Kf4 Rxf2+ 36. Ke3 Rf3+ 37. Ke2 Rxg3 38. Rd1 Rxh3 39. Rd4 0-1